000
00269nam a2200109Ia 4500
005
20251222114345.0
008
251222s1900||||xx |||||||||||||| ||spa||
082
_a
DVD0080/G43/1995/Ej.2
245
0
_a
Corazón valiente:Braveheart
264
_b
20th Century Fox
942
_c
DVD
999
_c
997
_d
997